[Event "Plzen A2 12th"]
[Site "Plzen"]
[Date "2024.02.24"]
[Round "9"]
[White "Plischki, Sebastian"]
[Black "Babula, Milan"]
[Result "1-0"]
[WhiteElo "2329"]
[BlackElo "2103"]
[PlyCount "97"]
[EventDate "2024.02.17"]
[EventType "tourn"]
[EventRounds "9"]
[EventCountry "CZE"]
[EventCategory "1"]
[SourceTitle "CB09_2024"]
[SourceDate "2024.02.28"]
[SourceVersion "1"]
[SourceVersionDate "2024.02.28"]
[SourceQuality "1"]

1. d4 Nf6 2. c4 g6 3. Nc3 Bg7 4. Nf3 d6 5. g3 0-0 6. Bg2 Nbd7 7. 0-0 a6 8. e4 e5 9. Qc2 Rb8 10. Rd1 Qe7 11. h3 h6 12. Be3 b5 13. dxe5 dxe5 14. Nd5 Nxd5 15. cxd5 Rb7 16. Rac1 Rd8 17. Nd2 Nb6 18. Bf1 Bd7 19. Nb3 Nc4 20. Bxc4 bxc4 21. Nc5 Rb5 22. Nxd7 Qxd7 23. Kg2 Rb4 24. a3 Ra4 25. d6 cxd6 26. Rxd6 Qxd6 27. Qxa4 Rc8 28. Rxc4 Rb8 29. Qc2 Qd7 30. b4 Qb7 31. Rc7 Qb5 32. Qb3 Qe8 33. Qc4 Ra8 34. a4 Bf8 35. b5 axb5 36. axb5 Kg7 37. b6 Bd6 38. Ra7 Rd8 39. h4 Bb8 40. Rb7 Rd6 41. Qc1 h5 42. Qc4 Re6 43. Qd5 Re7 44. Rxe7 Qxe7 45. Bc5 Qe6 46. Qd8 Qc4 47. Qf8+ Kh7 48. Qxb8 Qxc5 49. Qc7 1-0

[Event "FIDE Disabilities Olym"]
[Site "Belgrade"]
[Date "2023.01.31"]
[Round "?"]
[White "Babula, Milan"]
[Black "Lopez, Henry"]
[Result "1/2-1/2"]
[WhiteElo "2107"]
[BlackElo "2102"]
[PlyCount "66"]
[EventDate "2023.01.30"]
[EventType "team-swiss"]
[EventRounds "6"]
[EventCountry "SRB"]
[SourceTitle "CBM 212 Extra"]
[Source "ChessBase"]
[SourceDate "2023.03.31"]
[SourceVersion "1"]
[SourceVersionDate "2023.03.31"]
[SourceQuality "1"]
[WhiteTeam "Czech Republic"]
[BlackTeam "Philippines"]
[WhiteTeamCountry "CZE"]
[BlackTeamCountry "PHI"]

1. e4 e5 2. Nf3 Nc6 3. Bb5 a6 4. Ba4 Nf6 5. 0-0 Be7 6. Re1 b5 7. Bb3 d6 8. c3 0-0 9. h3 Bb7 10. d3 Na5 11. Bc2 c5 12. Nbd2 Re8 13. Nf1 Bf8 14. Bg5 h6 15. Bd2 Nc6 16. N3h2 Bc8 17. Ne3 Be6 18. Nhg4 Nxg4 19. hxg4 Be7 20. Bb3 Bg5 21. Bd5 Qd7 22. f3 g6 23. Kf2 Rab8 24. Rh1 Ne7 25. Qc1 f6 26. c4 Kg7 27. g3 Bxd5 28. cxd5 Rh8 29. Rh2 Rh7 30. Qc2 Rbh8 31. Rah1 h5 32. gxh5 Bxe3+ 33. Bxe3 Rxh5 1/2-1/2

[Event "Prague Summer op 7th"]
[Site "Prague"]
[Date "2020.08.11"]
[Round "5"]
[White "Mirimanian, Hayk"]
[Black "Babula, Milan"]
[Result "0-1"]
[WhiteElo "2268"]
[BlackElo "2160"]
[PlyCount "64"]
[EventDate "2020.08.08"]
[EventType "swiss"]
[EventRounds "9"]
[EventCountry "CZE"]
[SourceTitle "CBM 197 Extra"]
[Source "ChessBase"]
[SourceDate "2020.09.30"]
[SourceVersion "1"]
[SourceVersionDate "2020.09.30"]
[SourceQuality "1"]

1. e4 e6 2. d4 d5 3. Nd2 Be7 4. Bd3 Nc6 5. Ngf3 Nf6 6. c3 a6 7. 0-0 b5 8. Re1 Bb7 9. e5 Nd7 10. a4 b4 11. a5 Na7 12. c4 dxc4 13. Nxc4 Nb5 14. Be4 Bxe4 15. Rxe4 Nb8 16. Rg4 Nc6 17. Rxg7 Nbxd4 18. Nxd4 Qxd4 19. Qe2 Rd8 20. Be3 Qd3 21. Qxd3 Rxd3 22. Rc1 Bf8 23. Rg4 h5 24. Re4 Rd5 25. Kf1 Kd7 26. Rf4 Rh7 27. Nb6+ cxb6 28. axb6 Nxe5 29. Rc7+ Kd8 30. Rxb4 Bxb4 31. Bg5+ Ke8 32. b7 Rb5 0-1

[Event "WchT Seniors 65"]
[Site "Prague"]
[Date "2020.03.10"]
[Round "5.16"]
[White "James, Kevin"]
[Black "Babula, Milan"]
[Result "1/2-1/2"]
[WhiteElo "1924"]
[BlackElo "2144"]
[PlyCount "79"]
[EventDate "2020.03.06"]
[EventType "team-swiss"]
[EventRounds "7"]
[EventCountry "CZE"]
[SourceTitle "CBM 195 Extra"]
[Source "ChessBase"]
[SourceDate "2020.05.31"]
[SourceVersion "1"]
[SourceVersionDate "2020.05.31"]
[SourceQuality "1"]
[WhiteTeam "Ireland 65"]
[BlackTeam "Czech Republic 65 VI"]
[WhiteTeamCountry "IRL"]
[BlackTeamCountry "CZE"]

1. d4 e6 2. c4 f5 3. g3 Nf6 4. Bg2 Be7 5. Nc3 0-0 6. Nh3 d5 7. 0-0 c6 8. Qb3 Na6 9. Bg5 Nc7 10. c5 h6 11. Bf4 g5 12. Be5 Ng4 13. f4 Nxe5 14. fxe5 Rb8 15. Qc2 Kg7 16. b4 Bd7 17. e3 Be8 18. Rf2 Bg6 19. Qd2 h5 20. Bf1 Rh8 21. Be2 Rh6 22. Rg2 Qh8 23. a4 g4 24. Nf4 h4 25. Kf2 hxg3+ 26. hxg3 Bf7 27. b5 b6 28. cxb6 Rxb6 29. a5 Rb8 30. bxc6 Be8 31. Rc1 Bb4 32. Qa2 Rh1 33. Bf1 Qf8 34. Qa4 Ba3 35. Rc2 Qb4 36. a6 Rb6 37. Qxb4 Rxb4 38. Na2 Rb3 39. Nc3 Kf7 40. Rg1 1/2-1/2

[Event "Skalica op"]
[Site "Skalica"]
[Date "2020.01.11"]
[Round "9"]
[White "Abel, Peter"]
[Black "Babula, Milan"]
[Result "1/2-1/2"]
[WhiteElo "2212"]
[BlackElo "2141"]
[PlyCount "46"]
[EventDate "2020.01.11"]
[EventType "swiss"]
[EventRounds "9"]
[EventCountry "SVK"]
[SourceTitle "CBM 194 Extra"]
[Source "ChessBase"]
[SourceDate "2020.03.31"]
[SourceVersion "1"]
[SourceVersionDate "2020.03.31"]
[SourceQuality "1"]

1. c4 e5 2. Nc3 Nc6 3. Nf3 Nf6 4. e3 Bb4 5. Qc2 0-0 6. Nd5 Re8 7. Bd3 h6 8. 0-0 Bf8 9. a3 d6 10. Nxf6+ Qxf6 11. Be4 Ne7 12. d4 c6 13. dxe5 dxe5 14. b3 Bf5 15. Bb2 Bxe4 16. Qxe4 Ng6 17. Rad1 Qe6 18. Rd2 f5 19. Qc2 Be7 20. Rfd1 Rad8 21. h3 Rxd2 22. Rxd2 Rd8 23. Rxd8+ Bxd8 1/2-1/2

[Event "Wch Seniors 65 29th"]
[Site "Bucharest"]
[Date "2019.11.18"]
[Round "6"]
[White "Bondar, Leonid"]
[Black "Babula, Milan"]
[Result "0-1"]
[WhiteElo "1971"]
[BlackElo "2175"]
[PlyCount "80"]
[EventDate "2019.11.12"]
[EventType "swiss"]
[EventRounds "11"]
[EventCountry "ROU"]
[SourceTitle "CBM 193 Extra"]
[Source "ChessBase"]
[SourceDate "2020.01.31"]
[SourceVersion "1"]
[SourceVersionDate "2020.01.31"]
[SourceQuality "1"]

1. e4 e6 2. d4 d5 3. Nd2 a6 4. Bd3 c5 5. dxc5 Bxc5 6. Ngf3 Nf6 7. 0-0 Nc6 8. exd5 exd5 9. Re1+ Be7 10. c3 0-0 11. h3 Re8 12. Nf1 Be6 13. Ng5 Qd7 14. Qc2 h6 15. Nxe6 fxe6 16. Bg6 Rf8 17. Qe2 e5 18. Ng3 Bc5 19. Bf5 Qd6 20. Kh1 Rad8 21. Bc2 e4 22. Be3 Bxe3 23. Qxe3 Ne5 24. Qd4 Qe6 25. b3 Nf3 26. Qe3 Nxe1 27. Rxe1 Qe5 28. Ne2 Qg5 29. Qb6 Rde8 30. Qd4 Qe5 31. Qb4 Re7 32. Nd4 Ref7 33. f3 Qg3 34. c4 exf3 35. Nxf3 Ne4 36. Rxe4 Rxf3 37. gxf3 Qxh3+ 38. Kg1 Qg3+ 39. Kh1 Qxf3+ 40. Kg1 Qf1+ 0-1

[Event "Valasska Bystrice op 11th"]
[Site "Valasska Bystrice"]
[Date "2019.09.10"]
[Round "5"]
[White "Babula, Milan"]
[Black "Karlik, Vladimir"]
[Result "1/2-1/2"]
[WhiteElo "2185"]
[BlackElo "2100"]
[PlyCount "26"]
[EventDate "2019.09.07"]
[EventType "swiss"]
[EventRounds "9"]
[EventCountry "CZE"]
[SourceTitle "EXT 2020"]
[Source "ChessBase"]
[SourceDate "2019.10.17"]
[SourceVersion "1"]
[SourceVersionDate "2019.10.17"]
[SourceQuality "1"]

1. e4 g6 2. d4 Bg7 3. c3 d6 4. f4 Nf6 5. Bd3 0-0 6. Nf3 c5 7. e5 Nd5 8. Be4 Nb6 9. dxc5 dxc5 10. Qxd8 Rxd8 11. Be3 Na6 12. Nbd2 Nd5 13. Kf2 Rb8 1/2-1/2

[Event "IPCA Wch 19th"]
[Site "Ruzomberok"]
[Date "2019.07.05"]
[Round "8"]
[White "Valenta, Vit"]
[Black "Babula, Milan"]
[Result "1-0"]
[WhiteElo "2147"]
[BlackElo "2220"]
[PlyCount "113"]
[EventDate "2019.06.28"]
[EventType "swiss"]
[EventRounds "9"]
[EventCountry "SVK"]
[SourceTitle "CBM 191 Extra"]
[Source "ChessBase"]
[SourceDate "2019.09.30"]
[SourceVersion "1"]
[SourceVersionDate "2019.09.30"]
[SourceQuality "1"]

1. e4 e6 2. d4 d5 3. Nc3 Bb4 4. e5 c5 5. a3 Ba5 6. dxc5 Bxc3+ 7. bxc3 Ne7 8. Be3 Nd7 9. Qg4 0-0 10. Nf3 Ng6 11. Bd3 Ndxe5 12. Nxe5 Nxe5 13. Bxh7+ Kxh7 14. Qh5+ Kg8 15. Qxe5 f6 16. Qh5 Qa5 17. 0-0 Qxc3 18. Qg6 Rf7 19. Rad1 Bd7 20. Rd4 Kf8 21. Rh4 Ke7 22. Bd4 Qa5 23. Rb1 Bc6 24. Rh7 Rg8 25. f4 Qc7 26. g3 Kd8 27. Re1 Qd7 28. h4 Kc8 29. h5 Rgf8 30. h6 gxh6 31. Rxf7 Qxf7 32. Qxf7 Rxf7 33. Rxe6 f5 34. Rxh6 Ba4 35. c3 Bc2 36. Be5 Be4 37. Kf2 Re7 38. Ke3 Kd7 39. Kd4 Re6 40. Rh7+ Re7 41. Rh2 Kc6 42. a4 Kd7 43. Bf6 Rf7 44. Rh6 Ke6 45. Be5+ Kd7 46. a5 a6 47. Rb6 Kd8 48. c6 bxc6 49. Rxa6 Rb7 50. Rxc6 Kd7 51. Rd6+ Ke7 52. Rb6 Ra7 53. a6 Kd8 54. Bb8 Ra8 55. a7 Kc8 56. Rg6 Kd7 57. Kc5 1-0

[Event "CZE-ch"]
[Site "Ostrava"]
[Date "2019.04.27"]
[Round "1"]
[White "Zwardon, Vojtech"]
[Black "Babula, Milan"]
[Result "1-0"]
[WhiteElo "2458"]
[BlackElo "2204"]
[PlyCount "101"]
[EventDate "2019.04.27"]
[EventType "swiss"]
[EventRounds "9"]
[EventCountry "CZE"]
[SourceTitle "CBM 190 Extra"]
[Source "ChessBase"]
[SourceDate "2019.07.15"]
[SourceVersion "1"]
[SourceVersionDate "2019.07.15"]
[SourceQuality "1"]

1. c4 e5 2. g3 f5 3. d4 Bb4+ 4. Nd2 exd4 5. Ngf3 c5 6. Bg2 Nf6 7. 0-0 0-0 8. Nb3 d6 9. e3 dxe3 10. Bxe3 Nc6 11. Qd3 Be6 12. Ng5 Ne5 13. Nxe6 Nxd3 14. Nxd8 Raxd8 15. a3 Be1 16. Rfxe1 Nxe1 17. Rxe1 Rfe8 18. Rd1 b6 19. Nc1 h6 20. h3 g5 21. Ne2 Ne4 22. h4 Kf7 23. hxg5 hxg5 24. Bxe4 Rxe4 25. Bxg5 Rd7 26. Nf4 Rxc4 27. Rd5 Rd4 28. Rxf5+ Ke8 29. Rf6 Rf7 30. Re6+ Kd7 31. Re2 d5 32. Kg2 Rd1 33. Ng6 Rg7 34. Ne5+ Kd6 35. f4 d4 36. Kf3 Kd5 37. Ng4 Rf1+ 38. Kg2 Rb1 39. Nf2 Kc4 40. g4 Kb3 41. Bf6 Rf7 42. g5 Rxb2 43. Rxb2+ Kxb2 44. f5 Kxa3 45. g6 Rxf6 46. g7 Rxf5 47. g8Q b5 48. Qg6 Rd5 49. Qa6+ Kb4 50. Nd3+ Kc3 51. Qa3+ 1-0